000 00647nam a2200241 a 4500
001 0001-0994
003 ELIB.Books
008 141015 2010 eng
020 _aKBTS
035 _a(ELIB.Books)0001-1148
092 _a232
_bBru
100 _aBruce, Alex B.
245 _aThe Humiliation of Christ:
_bin its Phisical, Ethical, and and Official Aspects
260 _aEdinburgh
_bT. & T. Clark
_c1914
300 _a455
_c22.2 Cm
500 _aDr. Yahalaylayla
650 _aJesus Christ
856 _nKBTS; Library
_uKBTS; Elib.
942 _2ddc
_cBK
990 _a1
998 _cbat
_e2014-10-15
999 _c10994
_d10994